| 000 | 00368nam a22001457a 4500 | ||
|---|---|---|---|
| 008 | 221205b ||||| |||| 00| 0 eng d | ||
| 020 | _a2900078025746 | ||
| 041 | _aeng | ||
| 080 |
_2eighth edition _a330.722 |
||
| 082 | _a330.722 ZIM | ||
| 100 | _a23.2 | ||
| 101 | _aKONTAB | ||
| 245 |
_aACCOUNTING FOR DECISION MAKING AND CONTROL _cZIMMERMAN L.J |
||
| 942 |
_2udc _cBK |
||
| 999 |
_c59092 _d59092 |
||